000 01400nam a22003497a 4500
003 CHAP
005 20220817042953.0
008 971013s1996 r 00010 d
010 _a61499
011 _a62471
035 _a66645
040 _cCHAP
090 _aTesis
100 0 0 _aGuerra Guerra, Angélica.
_951136
245 _aImplicaciones para el sector agroalimentario mexicano de la relación comercial México-Colombia en el marco del Tratado de Libre Comercio del Grupo de los Tres (TLC del G-3) (a un año tres meses de su entrada en vigor)
260 _aChapingo, Méx. :
_bEl autor,
_c1996
300 _a63 h.
_b; gráfs. ; anexo
502 _aTesis (Lic. en Comercio Internacional de Productos Agropecuarios) -- UACH. Departamento de Economía Agrícola
590 _aALEPH
_b10
_c20130110
_lUCH01
_h1343
590 _aBATCH-UPD
_b10
_c20130110
_lUCH01
_h1333
590 _aBATCH-UPD
_b10
_c20130410
_lUCH01
_h0837
590 _aBATCH-UPD
_b10
_c20130914
_lUCH01
_h1016
590 _aCONVERSION
_b10
_c20130109
_lUCH01
_h1333
650 1 4 _aComercio internacional.
_925641
650 1 4 _aMéxico
_xComercio
_xColombia.
_976679
650 1 4 _aProductos agrícolas
_xMercadeo.
_991951
650 1 4 _aTratado Trilateral de Libre Comercio.
901 _aBK
942 _cFOLL
949 _bBC
_cTES
_d-151869
_eTS1
_h29937
_i66645
_si
949 _bBC
_cTES
_d33724000623856
_eTS2
_fc.2
_h29938
_i66645
_si
999 _c61499
_d61499